000
00262nam a22001217a 4500
003
OSt
008
221107b |||||||| |||| 00| 0 eng d
041
_a
eng
082
_a
338.634
_b
MAT/MA
100
_a
Matook,A.S
_9
5302
245
_a
Match manufacture
942
_c
BK
999
_c
17578
_d
17578